00290nam a2200097Ia 4500008004100000041000800041082002400049100001500073245005300088260005100141230411s9999 xx 000 0 und d aeng aF/610.07/BHA/B00641 aBhatia M S aCBS Quick Medical Examinations Review : Volume 2 bCBS Publishers & DistributorsaNew Delhic2001